000 00413nam a22001697a 4500
003 CEME
005 20210628204159.0
008 210105b xxu||||| |||| 00| 0 eng d
020 _a9781589480896
040 _c.
082 _a526 BRE
100 _aBrewer, Cynthia A
_969151
245 _aDesigning better maps, a guide for gis users
260 _aUSA
_bESRI PRESS
_c2005
300 _a200P
942 _cBK
_2ddc
999 _c576540
_d576540